| 000 | 01168aam a2200445a 44500 | ||
|---|---|---|---|
| 008 | 071106s2006 cat | ||
| 017 | _aV-2215-2006 | ||
| 020 | _a8479088931 | ||
| 041 | _acat | ||
| 041 | _beng | ||
| 041 | _bspa | ||
| 080 | _a521(038) | ||
| 080 | _a629.78(038) | ||
| 100 |
_aTorres Ribelles, Francisco Javier _967516 |
||
| 245 | _aDiccionari d'astronomia, astrofísica i astronàutica | ||
| 245 | _cF.Javier Torres Ribelles | ||
| 260 | _aAlacant | ||
| 260 | _bUniversitat d'Alacant | ||
| 260 | _c2006 | ||
| 300 |
_a463 p. _c21 cm |
||
| 500 | _aCategoria gramatical, sinònims, remissions | ||
| 500 | _aÍndexs | ||
| 520 | _aaprox. 2.900 | ||
| 546 | _acatalà | ||
| 591 | _a9658 | ||
| 592 | _aObra terminològica | ||
| 593 | _aCA | ||
| 593 | _aCB | ||
| 593 | _aLG | ||
| 594 | _a9658 | ||
| 650 |
_aastrofísica _963153 |
||
| 650 |
_aastronàutica _961508 |
||
| 650 |
_aastronomia _963152 |
||
| 901 | _cDL <2006> | ||
| 902 | _a071106 | ||
| 942 |
_cMO _n0 |
||
| 999 |
_c64624 _d64624 |
||